00418cam a2200157ua 45000010005000000080039000050400009000440820008000531000046000612450045001072500009001522600036001613000021001976530014002186530028002321354110707n ii |||gr||||Z||||||eng cMAIN a301 aSharma, R. N.,d1931,q(Ram Nath Sharma).1 aPrinciples of SociologycBy R. N. Sharma a1st. aBombay:bAsia Publishing House. avi; 460p:c23cm. aSociology aprinciples of Sociology